000 00609nam a2200217 4500
001 122945
003 ES-MaACL
007 t|
008 070214s1975 sp r ||||0| spa d
100 1 _aPronzato, Alessandro.
_994030
245 1 0 _aEvangelios molestos /
_cAlessandro Pronzato ; tradujeron: J. Sánchez y A. Ortiz.
250 _a5ª ed.
260 _aSalamanca :
_bSígueme,
_c1975.
300 _a358 p ;
_c18 cm.
490 1 _aPedal
700 1 _aSánchez, J.
_9102374
700 1 _aOrtiz, A.
_987544
830 0 _aPedal
_9181766
852 _aES-MaACL
_jE-7801
_bR.91946
999 _c122945
_d122945